| 000 | 01470nam a22003255a 4500 | ||
|---|---|---|---|
| 999 |
_c25897 _d25869 |
||
| 003 | EG-ScBUE | ||
| 005 | 20210923103310.0 | ||
| 008 | 180108s2009 ua f b 000 0 ara d | ||
| 017 | _a2009 / 9483 | ||
| 040 |
_aEG-ScBUE _bara _erda _cEG-ScBUE _dEG-ScBUE |
||
| 043 | _ama----- | ||
| 082 | 0 | 4 |
_a323.09174927 _bت ر ب _222 |
| 245 | 0 | 2 |
_aالتربية الجامعية على حقوق الإنسان والحركة السياسية في الوطن العربي / _cالمؤلفون أحمد سيعد نوفل [وخمس آخرون] ؛ تحرير أ. د. مصطفى كامل السيد. |
| 250 | _aالطبعة الأولى. | ||
| 264 | 1 |
_aالجيزة، مصر : _bشركاء التنمية للبحوث والاستشارات والتدريب، _c2009. |
|
| 300 |
_a312 صفحة ؛ _c24 سم |
||
| 336 |
_2rdacontent _aنص _btxt |
||
| 337 |
_2rdamedia _aبدون وسيط _bn |
||
| 338 |
_2rdacarrier _aمجلد _bnc |
||
| 504 | _aيشتمل على إرجاعات ببليوجرافية. | ||
| 541 | _cDonation. | ||
| 650 | 7 |
_aحقوق الإنسان _zالدول العربية. _2BUEsh _933259 |
|
| 650 | 7 |
_aالتعليم العالي _zالدول العربية. _2BUEsh |
|
| 651 | 7 |
_aالدول العربية _xسياسة وحكومة. _2BUEsh _927979 |
|
| 653 |
_bGGEN _cJanuary2018 |
||
| 655 |
_vReading book _934232 |
||
| 700 | 1 |
_aالسيد، مصطفى كامل، _eمحرر. |
|
| 700 | 1 |
_aنوفل، أحمد سعيد، _eمؤلف. _927854 |
|
| 942 | _2ddc | ||